01962nab a2200229 i 4500003000900000005001700009008004100026040001800067072000800085100003200093245007300125500006600198520109600264650001501360650002301375650001401398650001601412773019901428856007801627942000801705999001901713BR-BrBNA20250515160901.0250515b2017 bl.qr|pooa||| 00| 0 por | aBR-BrBNAbpor aF70 aCaires, Claudenir Simões  aFlora das cangas da Serra dos Carajás, Pará, Brasil: Santalaceae aPublicação on-line; 20 ref.; 4 illus.; Summaries (En, Pt) a Resumo Este trabalho apresenta descrições e comentários morfológicos e ecológicos sobre as espécies de Santalaceae registradas para as cangas da Serra dos Carajás no estado do Pará. Foram registrados dois gêneros e oito espécies: Dendrophthora warmingii, Phoradendron crassifolium, P. dipterum, P. mucronatum, P. obtusissimum, P. piperoides, P. quadrangulare, amplamente distribuídas pelas Américas Central e Sul, e P. tunaeforme registrada somente na Venezuela e Brasil. Palavras-chave: Amazônia, ervas-de-passarinho, taxonomia, Viscaceae. Abstract This work presents descriptions, morphological and ecological comments on the species of Santalaceae recorded for the cangas of Serra dos Carajás in the Pará state. Were recorded two genera and eight species: Dendrophthora warmingii, Phoradendron crassifolium, P. dipterum, P. mucronatum, P. obtusissimum, P. piperoides, P. quadrangulare, widely distributed in Central and South America, and P. tunaeforme only registered in Venezuela and Brazil. Key words: Amazonia, mistletoes, taxonomy, Viscaceae. aAMAZÔNIA aERVA DE PASSARINHO aTAXONOMIA aSANTALACEAE0 07099350025dRio de Janeiro-RJ Jardim Botanico do Rio de Janeiro 1935o2025-2634tRodriguésia (Brazil)x0370-6583; 2175-7860 on-linegv. 68(3 special number) p. 1139-1149; (2017)wBR2025000970 uhttps://www.scielo.br/j/rod/a/myjhC6qcFyZ8LfjfHqHd7PK/?format=pdf&lang=pt cANA c331525d331525